Anglicko-slovenský ekonomický slovník
Saved in:
| Main Author: | |
|---|---|
| Other Authors: | , , , , |
| Format: | Book |
| Language: | Slovak English |
| Published: |
Bratislava
Elita
1994
|
| Edition: | 1. vyd. |
| Subjects: | |
| Tags: |
No Tags, Be the first to tag this record!
|
MARC
| LEADER | 00000nam a2200000 4500 | ||
|---|---|---|---|
| 001 | c005238 | ||
| 005 | 20221214074110.8 | ||
| 020 | |a 80-85323-54-0 | ||
| 041 | 0 | |a slo | |
| 041 | 0 | |a eng | |
| 044 | |a SK | ||
| 245 | 1 | 0 | |a Anglicko-slovenský ekonomický slovník |c vedúca autorského kolektívu Viera Bocková |
| 250 | |a 1. vyd. | ||
| 264 | 1 | |a Bratislava |b Elita |c 1994 | |
| 300 | |a 118 s. | ||
| 610 | 2 | 0 | |a jazykoveda |
| 610 | 2 | 0 | |a terminológia |
| 610 | 2 | 0 | |a angličtina |
| 610 | 2 | 0 | |a slovenčina |
| 610 | 2 | 0 | |a ekonómia |
| 100 | 1 | |a Bocková, Viera | |
| 700 | 1 | |a Bláhová, Mária | |
| 700 | 1 | |a Hrivíková, Tatiana, 1959- | |
| 700 | 1 | |a Laskovičová, Tatiana | |
| 700 | 1 | |a Pašková, Hana | |
| 700 | 1 | |a Zelenayová, Alojzia, 1944- | |